[Event "Brno Open 2015"]
[Site "Brno CZE"]
[Date "2015.11.14"]
[Round "1.1"]
[White "Mikalsen, Erlend"]
[Black "Arend, Michal"]
[Result "1-0"]
[WhiteElo "2315"]
[BlackElo "1853"]
[PlyCount "81"]
[EventDate "2015.11.14"]
[EventType "swiss"]
[EventRounds "9"]
[EventCountry "CZE"]
[Source "lmi"]
[SourceDate "2015.11.14"]

1. e4 d6 2. d4 Nf6 3. Nc3 g6 4. Nf3 Bg7 5. Be2 O-O 6. O-O Bg4 7. Be3 Nbd7 8. h3
Bxf3 9. Bxf3 e5 10. dxe5 Nxe5 11. Be2 Qe7 12. Bg5 c6 13. f4 Ned7 14. Bf3 Rae8
15. Qe2 d5 16. e5 Qc5+ 17. Qf2 Nh5 18. Bxh5 gxh5 19. Rae1 Qxf2+ 20. Kxf2 f6 21.
exf6 Nxf6 22. Kf3 Kf7 23. Bh4 b5 24. Rxe8 Rxe8 25. Re1 b4 26. Rxe8 Nxe8 27. Na4
Nd6 28. Bf2 Nb5 29. Ke2 Bf8 30. Nc5 d4 31. Ne4 c5 32. Bh4 h6 33. Ng3 c4 34.
Nxh5 a5 35. Be1 a4 36. Kd1 c3 37. b3 axb3 38. axb3 Nd6 39. Bf2 Nf5 40. g4 Ne3+
41. Bxe3 1-0

[Event "Brno Open 2015"]
[Site "Brno CZE"]
[Date "2015.11.14"]
[Round "1.2"]
[White "Kalisch, Michael"]
[Black "Al Argha, Hisham"]
[Result "1/2-1/2"]
[WhiteElo "1809"]
[BlackElo "2312"]
[PlyCount "38"]
[EventDate "2015.11.14"]
[EventType "swiss"]
[EventRounds "9"]
[EventCountry "CZE"]
[Source "lmi"]
[SourceDate "2015.11.14"]

1. e4 e5 2. Bc4 Nf6 3. d3 Nc6 4. Nf3 Bc5 5. c3 d6 6. Bb3 O-O 7. Bg5 h6 8. Bh4
a6 9. Nbd2 Qe7 10. Qe2 Be6 11. Bc2 Rfe8 12. Nf1 d5 13. exd5 Bxd5 14. Ne3 Bxe3
15. Qxe3 Qd6 16. Bg3 Qe7 17. O-O Nd7 18. Nd2 Qg5 19. Qxg5 hxg5 1/2-1/2

[Event "Brno Open 2015"]
[Site "Brno CZE"]
[Date "2015.11.14"]
[Round "1.3"]
[White "Bartos, Jan"]
[Black "Simon, Petr"]
[Result "1-0"]
[WhiteElo "2252"]
[BlackElo "1765"]
[PlyCount "73"]
[EventDate "2015.11.14"]
[EventType "swiss"]
[EventRounds "9"]
[EventCountry "CZE"]
[Source "lmi"]
[SourceDate "2015.11.14"]

1. d4 Nf6 2. c4 g6 3. Nc3 Bg7 4. e4 d6 5. f3 O-O 6. Be3 e5 7. Nge2 Nc6 8. d5
Ne7 9. g4 c6 10. Ng3 cxd5 11. cxd5 Ne8 12. Qd2 f5 13. gxf5 gxf5 14. Nh5 f4 15.
Bf2 Ng6 16. Nxg7 Nxg7 17. O-O-O a6 18. Kb1 Bd7 19. Be2 b5 20. Rdg1 Bh3 21. Qe1
Rb8 22. Bf1 Bxf1 23. Qxf1 b4 24. Na4 b3 25. a3 Qa5 26. Nc3 Rfc8 27. Be1 Qb6 28.
h4 Kh8 29. h5 Ne7 30. Bh4 Rb7 31. Qg2 Rg8 32. Bxe7 Rxe7 33. h6 Qd8 34. hxg7+
Rexg7 35. Qf2 Qh4 36. Qxh4 Rxg1+ 37. Nd1 1-0

[Event "Brno Open 2015"]
[Site "Brno CZE"]
[Date "2015.11.14"]
[Round "1.4"]
[White "Doskar, Miloslav"]
[Black "Koziol, Kamil"]
[Result "0-1"]
[WhiteElo "1725"]
[BlackElo "2250"]
[PlyCount "98"]
[EventDate "2015.11.14"]
[EventType "swiss"]
[EventRounds "9"]
[EventCountry "CZE"]
[Source "lmi"]
[SourceDate "2015.11.14"]

1. Nf3 d5 2. d4 Nf6 3. g3 e6 4. Bg2 Be7 5. c4 O-O 6. cxd5 exd5 7. O-O b6 8. Nc3
Bb7 9. Bg5 Ne4 10. Bxe7 Qxe7 11. Qc2 Nd7 12. Rfe1 Ndf6 13. Ne5 c5 14. e3 a6 15.
Qe2 Rac8 16. Nxe4 dxe4 17. Ng4 Nd7 18. f4 f5 19. Nf2 cxd4 20. exd4 Qb4 21. Rac1
Qxd4 22. Rcd1 Qa4 23. b3 Qc6 24. Rd4 Nf6 25. Red1 b5 26. h3 Qc7 27. R1d2 Rfd8
28. Nd1 Rxd4 29. Rxd4 Qc5 30. Qf2 Qc1 31. Qd2 Qxd2 32. Rxd2 Nd5 33. Kf1 Kf7 34.
Ke2 Ke6 35. Rd4 Rc2+ 36. Rd2 Nc3+ 37. Nxc3 Rxc3 38. Bf1 Rxg3 39. Rd8 Rc3 40.
Re8+ Kf7 41. Re5 g6 42. Kd2 Rc7 43. a4 bxa4 44. bxa4 h6 45. Ra5 Rc6 46. Be2 Kf6
47. Bd1 g5 48. Bb3 gxf4 49. Rd5 Rb6 0-1

[Event "Brno Open 2015"]
[Site "Brno CZE"]
[Date "2015.11.14"]
[Round "1.5"]
[White "Piankov, Evgenij"]
[Black "Kosina, Vladimir"]
[Result "1-0"]
[WhiteElo "2233"]
[BlackElo "1725"]
[PlyCount "81"]
[EventDate "2015.11.14"]
[EventType "swiss"]
[EventRounds "9"]
[EventCountry "CZE"]
[Source "lmi"]
[SourceDate "2015.11.14"]

1. d4 Nf6 2. Nf3 e6 3. e3 b6 4. Bd3 Bb7 5. O-O d6 6. c4 Nbd7 7. Nc3 Be7 8. e4
e5 9. d5 O-O 10. h3 Re8 11. Be3 Nf8 12. b4 Ng6 13. Qd2 Bc8 14. Rac1 Nh5 15. Ne2
Rf8 16. g4 Nf6 17. Ng3 a5 18. a3 Re8 19. Rc2 Bf8 20. Rfc1 Nd7 21. Bf1 Ne7 22.
Ne1 g6 23. Nd3 Bg7 24. c5 axb4 25. axb4 bxc5 26. bxc5 f6 27. cxd6 cxd6 28. Nb4
Nf8 29. Bb5 Bd7 30. Nc6 Bxc6 31. Bxc6 Nxc6 32. dxc6 Qc7 33. Ra2 Ne6 34. Qd5
Rxa2 35. Qxa2 Kf7 36. Qd5 Bf8 37. Rb1 Qc8 38. Rb7+ Re7 39. Nf5 Rc7 40. Qb3 Ke8
41. Rb8 1-0

[Event "Brno Open 2015"]
[Site "Brno CZE"]
[Date "2015.11.14"]
[Round "1.6"]
[White "Zikan, Karel"]
[Black "Gumularz, Szymon"]
[Result "0-1"]
[WhiteElo "1704"]
[BlackElo "2233"]
[PlyCount "118"]
[EventDate "2015.11.14"]
[EventType "swiss"]
[EventRounds "9"]
[EventCountry "CZE"]
[Source "lmi"]
[SourceDate "2015.11.14"]

1. Nf3 g6 2. g3 Bg7 3. Bg2 e5 4. d3 d5 5. O-O Ne7 6. c4 dxc4 7. dxc4 Qxd1 8.
Rxd1 c6 9. Nc3 f5 10. e4 Be6 11. b3 h6 12. Bb2 Nd7 13. Rd6 Kf7 14. Rad1 Nc5 15.
Nh4 f4 16. b4 Na6 17. a3 Bxc4 18. Rd7 Bf6 19. Rxb7 Rhd8 20. Rbd7 Rxd7 21. Rxd7
Be6 22. Rd6 Nb8 23. Na4 Nd7 24. Nf3 g5 25. gxf4 gxf4 26. h3 Rc8 27. Bf1 Ng6 28.
Kh2 Ke7 29. Rd2 Rc7 30. Bc3 Bb3 31. Nc5 Nxc5 32. bxc5 Be6 33. Rb2 Rd7 34. Be2
Kf7 35. Kg2 Bg7 36. Rb8 Re7 37. h4 Bg4 38. Bc4+ Kf6 39. Ba5 Rd7 40. Rc8 Ne7 41.
Bd8 Bf8 42. Rxc6+ Kg7 43. Bxe7 Bxf3+ 44. Kxf3 Bxe7 45. h5 Rd2 46. Rc7 Kf6 47.
c6 Bc5 48. Kg4 Be7 49. Rxa7 Rc2 50. Bd5 Rc1 51. a4 Rg1+ 52. Kf3 Rc1 53. a5 Bc5
54. Rf7+ Kg5 55. Rf5+ Kh4 56. Rxe5 Rc2 57. Kg2 f3+ 58. Kg1 Rc1+ 59. Kh2 Bd6 0-1

[Event "Brno Open 2015"]
[Site "Brno CZE"]
[Date "2015.11.14"]
[Round "1.7"]
[White "Dvorak, Adam"]
[Black "Friedel, Roland"]
[Result "1-0"]
[WhiteElo "2215"]
[BlackElo "1696"]
[PlyCount "43"]
[EventDate "2015.11.14"]
[EventType "swiss"]
[EventRounds "9"]
[EventCountry "CZE"]
[Source "lmi"]
[SourceDate "2015.11.14"]

1. d4 d5 2. c4 dxc4 3. Nf3 Nf6 4. e3 e6 5. Bxc4 c5 6. O-O a6 7. a4 Nbd7 8. Nc3
Qc7 9. Qe2 Be7 10. dxc5 Bxc5 11. b3 Ne5 12. Nxe5 Qxe5 13. Bb2 Qg5 14. e4 Be7
15. e5 Nd7 16. f4 Qh4 17. Ne4 Bc5+ 18. Kh1 Bb4 19. f5 Nc5 20. Nd6+ Kf8 21. fxe6
Bxe6 22. Rxf7+ 1-0

[Event "Brno Open 2015"]
[Site "Brno CZE"]
[Date "2015.11.14"]
[Round "1.10"]
[White "Hrivnakova, Anna"]
[Black "Fojtik, Tomas"]
[Result "0-1"]
[WhiteElo "1589"]
[BlackElo "2061"]
[PlyCount "92"]
[EventDate "2015.11.14"]
[EventType "swiss"]
[EventRounds "9"]
[EventCountry "CZE"]
[Source "lmi"]
[SourceDate "2015.11.14"]

1. c4 c5 2. Nc3 Nf6 3. Nf3 b6 4. d3 e6 5. e4 d6 6. Be2 Nc6 7. O-O Be7 8. Bg5
O-O 9. Rc1 Bb7 10. h3 a6 11. a4 Re8 12. Nh2 Nd4 13. Re1 Qd7 14. Bxf6 Bxf6 15.
Ng4 Bg5 16. Rb1 b5 17. axb5 axb5 18. cxb5 Nxb5 19. Nxb5 Qxb5 20. d4 Qb4 21. Qd3
Qxd4 22. Qxd4 cxd4 23. f3 Rec8 24. Red1 e5 25. Kh1 Ra2 26. Bd3 Kf8 27. Kg1 Ke7
28. Kf1 Kd7 29. g3 h5 30. h4 hxg4 31. hxg5 gxf3 32. Kf2 Ba6 33. Kxf3 Bxd3 34.
Rxd3 Rc2 35. Rb3 Ra7 36. Kg4 Ke6 37. Rd1 Rac7 38. Rdd3 d5 39. exd5+ Kxd5 40.
Rb5+ R2c5 41. Rb4 Rc4 42. Rb5+ Ke6 43. Rb6+ R7c6 44. Rdb3 Kd5 45. Kf3 e4+ 46.
Ke2 Rc2+ 0-1

[Event "Brno Open 2015"]
[Site "Brno CZE"]
[Date "2015.11.14"]
[Round "1.12"]
[White "Atmani, Amine"]
[Black "Tesar, Jan"]
[Result "1-0"]
[WhiteElo "2055"]
[BlackElo "1577"]
[PlyCount "73"]
[EventDate "2015.11.14"]
[EventType "swiss"]
[EventRounds "9"]
[EventCountry "CZE"]
[Source "lmi"]
[SourceDate "2015.11.14"]

1. d4 d5 2. c4 Nc6 3. Nc3 dxc4 4. e3 e5 5. d5 Nce7 6. Bxc4 Ng6 7. Nf3 Nf6 8.
O-O a6 9. a4 Bd6 10. e4 O-O 11. h3 Qe7 12. Bg5 h6 13. Be3 Bd7 14. Nd2 Rae8 15.
Qf3 Nh7 16. Bd3 Nf4 17. Bxf4 exf4 18. Bc2 Qh4 19. Qd3 f5 20. Nf3 Qf6 21. Nd4
Ng5 22. exf5 Re5 23. Ne6 f3 24. h4 fxg2 25. Kxg2 Bxe6 26. dxe6 Nh7 27. f4 Ra5
28. Kh3 Be7 29. Qg3 Rd8 30. Rad1 Qf8 31. Rxd8 Qxd8 32. Rd1 Qf8 33. Nd5 Rc5 34.
Nxe7+ Qxe7 35. Rd7 Ng5+ 36. fxg5 Qe8 37. gxh6 1-0

[Event "Brno Open 2015"]
[Site "Brno CZE"]
[Date "2015.11.15"]
[Round "2.1"]
[White "Strebkovs, Andrejs"]
[Black "Siegemund, Joachim"]
[Result "0-1"]
[WhiteElo "2328"]
[BlackElo "2134"]
[PlyCount "80"]
[EventDate "2015.11.14"]
[EventType "swiss"]
[EventRounds "9"]
[EventCountry "CZE"]
[Source "lmi"]
[SourceDate "2015.11.14"]

1. d4 d5 2. Nf3 Nf6 3. c4 c6 4. Nc3 dxc4 5. a4 Bg4 6. Ne5 Bh5 7. f3 Nfd7 8.
Nxc4 e5 9. Be3 Bb4 10. g3 Qe7 11. Bg2 O-O 12. O-O Rd8 13. d5 Nf6 14. d6 Bxd6
15. Nxd6 Rxd6 16. Qb3 Na6 17. Bf2 Rd7 18. Bh3 Rdd8 19. Rfd1 b6 20. Qc4 Nb4 21.
Rac1 c5 22. a5 Rxd1+ 23. Rxd1 Rd8 24. Rc1 Nbd5 25. axb6 Nxc3 26. Bxc5 Nxe2+ 27.
Qxe2 Qb7 28. bxa7 Bxf3 29. Qxe5 h6 30. Ra1 Qb5 31. Bf1 Qb7 32. Qe7 Qc8 33. Bc4
Kh7 34. Ba6 Qf5 35. Qe3 Ba8 36. Bf1 Qd5 37. Qd3+ Qxd3 38. Bxd3+ Rxd3 39. b4 Rd2
40. Re1 Ng4 0-1

[Event "Brno Open 2015"]
[Site "Brno CZE"]
[Date "2015.11.15"]
[Round "2.2"]
[White "Manasyan, Haik"]
[Black "Bartos, Jan"]
[Result "1-0"]
[WhiteElo "2055"]
[BlackElo "2252"]
[PlyCount "95"]
[EventDate "2015.11.14"]
[EventType "swiss"]
[EventRounds "9"]
[EventCountry "CZE"]
[Source "lmi"]
[SourceDate "2015.11.14"]

1. d4 d6 2. c4 e5 3. Nf3 e4 4. Ng5 f5 5. g3 Be7 6. h4 c6 7. Nc3 Na6 8. Bg2 Nc7
9. d5 Nf6 10. O-O O-O 11. Nh3 Nd7 12. Bf4 Nb6 13. Qb3 cxd5 14. cxd5 Nd7 15.
Rac1 Nc5 16. Qc2 a5 17. Rfd1 Bd7 18. Be3 N7a6 19. Bd4 b5 20. Qd2 b4 21. Nb1 Bf6
22. Nf4 Qe7 23. Bf1 Bb5 24. Qe3 Rfc8 25. Nd2 Na4 26. Nb3 Nxb2 27. Bxb2 Bxb2 28.
Rxc8+ Rxc8 29. Nxa5 Ba4 30. Rb1 Bc3 31. Qb6 Nc5 32. Nc4 Nb7 33. e3 Qd7 34. Qa7
Nc5 35. Qxd7 Nxd7 36. Nxd6 Ra8 37. Rc1 g6 38. Ne2 Bd2 39. Rc7 Ne5 40. Nd4 Rd8
41. Nc4 Nxc4 42. Bxc4 Rd6 43. Ne6 Bd7 44. Nc5 Be8 45. Nb7 Rd7 46. Rxd7 Bxd7 47.
Nc5 b3 48. axb3 1-0

[Event "Brno Open 2015"]
[Site "Brno CZE"]
[Date "2015.11.15"]
[Round "2.3"]
[White "Koziol, Kamil"]
[Black "Vermirovsky, Vlastimil"]
[Result "1-0"]
[WhiteElo "2250"]
[BlackElo "2013"]
[PlyCount "83"]
[EventDate "2015.11.14"]
[EventType "swiss"]
[EventRounds "9"]
[EventCountry "CZE"]
[Source "lmi"]
[SourceDate "2015.11.14"]

1. e4 c5 2. Nf3 d6 3. d4 cxd4 4. Nxd4 Nf6 5. Nc3 Nc6 6. Bg5 e6 7. Qd2 a6 8.
O-O-O h6 9. Nxc6 bxc6 10. Bf4 d5 11. Qe3 Bb4 12. a3 Bxc3 13. Qxc3 O-O 14. f3
Qb6 15. Be5 Ne8 16. Bd4 Qc7 17. Bc5 Nd6 18. e5 Nf5 19. Bxf8 Kxf8 20. g4 Nh4 21.
f4 Rb8 22. Qc5+ Kg8 23. Bd3 f6 24. Rhf1 Qb6 25. Qxb6 Rxb6 26. Rde1 c5 27. c3 a5
28. Rf2 Ba6 29. Bxa6 Rxa6 30. f5 Kf7 31. Re3 exf5 32. gxf5 fxe5 33. Rh3 Nxf5
34. Rxf5+ Ke6 35. Rf8 Ke7 36. Rg8 Kf7 37. Rc8 c4 38. Rc7+ Kf6 39. Rf3+ Kg6 40.
Rd7 e4 41. Rg3+ Kf5 42. Rf7+ 1-0

[Event "Brno Open 2015"]
[Site "Brno CZE"]
[Date "2015.11.15"]
[Round "2.4"]
[White "Gumularz, Szymon"]
[Black "Pozimski, Szymon"]
[Result "1-0"]
[WhiteElo "2233"]
[BlackElo "1943"]
[PlyCount "85"]
[EventDate "2015.11.14"]
[EventType "swiss"]
[EventRounds "9"]
[EventCountry "CZE"]
[Source "lmi"]
[SourceDate "2015.11.14"]

1. d4 Nf6 2. c4 b6 3. Nc3 Bb7 4. Qc2 d5 5. cxd5 Nxd5 6. Nf3 e6 7. e4 Nxc3 8.
bxc3 Be7 9. Bb5+ c6 10. Bd3 O-O 11. O-O c5 12. d5 exd5 13. exd5 Qxd5 14. Bxh7+
Kh8 15. Re1 Bf6 16. Be4 Qd7 17. Bg5 Bxe4 18. Rxe4 Bxg5 19. Nxg5 g6 20. Rd1 Qf5
21. Rh4+ Kg7 22. Qxf5 gxf5 23. Rf4 Nc6 24. Rxf5 Kg6 25. g4 Rad8 26. Rxd8 Rxd8
27. h4 Rd1+ 28. Kg2 Nd8 29. h5+ Kg7 30. Ne4 Ra1 31. Rd5 Ne6 32. Rd7 Rxa2 33.
Nd6 Ng5 34. Kg3 Rc2 35. c4 Re2 36. f4 Re3+ 37. Kg2 Re2+ 38. Kf1 Rc2 39. fxg5 a5
40. Nf5+ Kh8 41. g6 fxg6 42. hxg6 Rxc4 43. Rd8# 1-0

[Event "Brno Open 2015"]
[Site "Brno CZE"]
[Date "2015.11.15"]
[Round "2.5"]
[White "Kopecek, Ivan"]
[Black "Dvorak, Adam"]
[Result "0-1"]
[WhiteElo "1949"]
[BlackElo "2215"]
[PlyCount "76"]
[EventDate "2015.11.14"]
[EventType "swiss"]
[EventRounds "9"]
[EventCountry "CZE"]
[Source "lmi"]
[SourceDate "2015.11.14"]

1. e4 c5 2. Nf3 e6 3. d4 cxd4 4. Nxd4 a6 5. Bd3 Nc6 6. Nxc6 bxc6 7. Be3 d5 8.
O-O Bd6 9. f4 Ne7 10. e5 Bc7 11. Nd2 Bb6 12. Bf2 Bxf2+ 13. Rxf2 Qb6 14. b3 h5
15. Rc1 c5 16. Nf3 Bb7 17. Qe2 g6 18. Ng5 Nf5 19. c3 Bc6 20. Bxf5 gxf5 21. Qe3
a5 22. b4 axb4 23. cxb4 d4 24. Qb3 cxb4 25. Nxe6 Ra3 26. Qc4 Rc3 27. Rxc3 dxc3
28. Nd4 Bb7 29. Nc2 Rg8 30. Qd4 Qxd4 31. Nxd4 Be4 32. Kf1 Kd7 33. g3 Ra8 34.
Ke1 Bd5 35. Nc2 Ra4 36. Re2 Bxa2 37. Nxb4 Rxb4 38. Rxa2 Rb1+ 0-1

[Event "Brno Open 2015"]
[Site "Brno CZE"]
[Date "2015.11.15"]
[Round "2.6"]
[White "Semenova, Elena"]
[Black "Kassel, Walter"]
[Result "1-0"]
[WhiteElo "2170"]
[BlackElo "1923"]
[PlyCount "51"]
[EventDate "2015.11.14"]
[EventType "swiss"]
[EventRounds "9"]
[EventCountry "CZE"]
[Source "lmi"]
[SourceDate "2015.11.14"]

1. e4 c6 2. d4 d5 3. Nd2 dxe4 4. Nxe4 Nd7 5. Bc4 e6 6. Ng5 Ndf6 7. N5f3 Bd6 8.
Qe2 Ne7 9. Ne5 O-O 10. Ngf3 Bxe5 11. dxe5 Nfd5 12. Bd2 Ng6 13. O-O-O b5 14. Bd3
Ngf4 15. Bxf4 Nxf4 16. Bxh7+ Kh8 17. Qe1 Qe7 18. Be4 Bb7 19. g3 Nd5 20. h4 c5
21. Ng5 Rfd8 22. f4 Nb4 23. Qe2 Bxe4 24. Qxe4 Rxd1+ 25. Rxd1 g6 26. Qxa8+ 1-0

[Event "Brno Open 2015"]
[Site "Brno CZE"]
[Date "2015.11.15"]
[Round "2.7"]
[White "Kalinowska, Zuzanna"]
[Black "Pokorny, Petr"]
[Result "1/2-1/2"]
[WhiteElo "1937"]
[BlackElo "2167"]
[PlyCount "56"]
[EventDate "2015.11.14"]
[EventType "swiss"]
[EventRounds "9"]
[EventCountry "CZE"]
[Source "lmi"]
[SourceDate "2015.11.14"]

1. d4 f5 2. Nf3 Nf6 3. e3 e6 4. Bd3 d5 5. O-O Bd6 6. b3 Qe7 7. Bb2 O-O 8. c4 c6
9. Qc1 Ne4 10. Ba3 b6 11. Bxd6 Qxd6 12. Nc3 Nd7 13. Qb2 Bb7 14. Ne2 a5 15. Rac1
Kh8 16. Rfd1 Qe7 17. Ne5 Nxe5 18. dxe5 Nc5 19. Bb1 Rfd8 20. Nd4 Rac8 21. a3 Ne4
22. cxd5 cxd5 23. Bd3 Kg8 24. Bb5 Rxc1 25. Rxc1 Rc8 26. Rxc8+ Bxc8 27. Qc1 Qc5
28. Ne2 Qxc1+ 1/2-1/2

[Event "Brno Open 2015"]
[Site "Brno CZE"]
[Date "2015.11.15"]
[Round "2.8"]
[White "Tsenov, Tsvetoslav"]
[Black "Chan, Naruna"]
[Result "1-0"]
[WhiteElo "2166"]
[BlackElo "1897"]
[PlyCount "81"]
[EventDate "2015.11.14"]
[EventType "swiss"]
[EventRounds "9"]
[EventCountry "CZE"]
[Source "lmi"]
[SourceDate "2015.11.14"]

1. e4 e5 2. Nf3 Nc6 3. Bb5 Nge7 4. O-O a6 5. Ba4 g6 6. d4 exd4 7. c3 Bg7 8.
cxd4 b5 9. Bb3 O-O 10. Nc3 d6 11. h3 Na5 12. Bc2 Re8 13. Re1 Rb8 14. Bg5 h6 15.
Be3 Nc4 16. Bc1 d5 17. e5 Bf5 18. b3 Nb6 19. Ba3 Bxc2 20. Qxc2 Nf5 21. Ne2 Rc8
22. Nf4 a5 23. Bc5 Nd7 24. Rad1 Nxc5 25. Qxc5 c6 26. Qc2 Nh4 27. Nxh4 Qxh4 28.
g3 Qg5 29. h4 Qg4 30. Kg2 Qd7 31. e6 Qd6 32. Qd3 g5 33. hxg5 hxg5 34. Qf5 Qe7
35. exf7+ Qxf7 36. Qxg5 Rxe1 37. Rxe1 Re8 38. Re5 Rxe5 39. dxe5 Kf8 40. Qd8+
Qe8 41. Ne6+ 1-0

[Event "Brno Open 2015"]
[Site "Brno CZE"]
[Date "2015.11.15"]
[Round "2.9"]
[White "Al Argha, Hisham"]
[Black "Yakimenko, Alexander A"]
[Result "0-1"]
[WhiteElo "2312"]
[BlackElo "2101"]
[PlyCount "108"]
[EventDate "2015.11.14"]
[EventType "swiss"]
[EventRounds "9"]
[EventCountry "CZE"]
[Source "lmi"]
[SourceDate "2015.11.14"]

1. e4 e6 2. d4 d5 3. Nd2 Nc6 4. Ngf3 Nf6 5. e5 Nd7 6. Nb3 a5 7. a4 b6 8. Bb5
Na7 9. Be2 c5 10. c3 Qc7 11. Be3 Bb7 12. O-O Be7 13. Re1 f6 14. exf6 gxf6 15.
Bh6 O-O-O 16. c4 Kb8 17. cxd5 Bxd5 18. Qc2 Nc6 19. dxc5 Nb4 20. Qc3 Nxc5 21.
Nxc5 Qxc5 22. Bf4+ Kb7 23. Rac1 Qxc3 24. Rxc3 Bc5 25. Be3 Na2 26. Rd3 Nb4 27.
Rc3 Bxe3 28. fxe3 Rc8 29. Rec1 Rxc3 30. Rxc3 Na2 31. Ra3 Nc1 32. Bb5 Rc8 33.
Rc3 Rxc3 34. bxc3 Na2 35. c4 Bxf3 36. gxf3 Kc7 37. Kf2 Kd6 38. Ke2 Kc5 39. Kd3
Kb4 40. Bd7 Nc3 41. Bxe6 Nxa4 42. Bf5 Nc5+ 43. Kd4 h6 44. e4 a4 45. e5 fxe5+
46. Kxe5 Kxc4 47. f4 a3 48. Bh7 Nd3+ 49. Ke4 b5 50. Bg8+ Kc3 51. f5 b4 52. f6
Nc5+ 53. Kf5 Nd7 54. f7 Nf8 0-1

[Event "Brno Open 2015"]
[Site "Brno CZE"]
[Date "2015.11.15"]
[Round "2.10"]
[White "Chudinovskikh, Alexander M"]
[Black "Kalisch, Michael"]
[Result "1-0"]
[WhiteElo "2235"]
[BlackElo "1809"]
[PlyCount "97"]
[EventDate "2015.11.14"]
[EventType "swiss"]
[EventRounds "9"]
[EventCountry "CZE"]
[Source "lmi"]
[SourceDate "2015.11.14"]

1. Nf3 d5 2. d4 Nf6 3. c4 e6 4. g3 dxc4 5. Bg2 Nc6 6. O-O a6 7. Re1 Be7 8. Nc3
O-O 9. e4 Rb8 10. d5 exd5 11. e5 Ng4 12. h3 d4 13. Nb1 Nxf2 14. Kxf2 Nb4 15.
Kg1 c5 16. Nbd2 b5 17. Ne4 Bb7 18. Bf4 Nd3 19. Re2 Bxe4 20. Rxe4 Nxb2 21. Qe2
Nd3 22. Rf1 Rb6 23. h4 Nb4 24. Qf2 c3 25. Bg5 h6 26. Bxe7 Qxe7 27. Ne1 Re6 28.
a3 Nd5 29. Bh3 Rxe5 30. Rxe5 Qxe5 31. Nd3 Qd6 32. Kh2 Ne3 33. Re1 c4 34. Nf4
Re8 35. Ng2 c2 36. Nxe3 c1=Q 37. Rxc1 Rxe3 38. a4 Qe7 39. Bg2 d3 40. axb5 axb5
41. Ra1 g6 42. Qf4 Kg7 43. Ra8 Qe5 44. Qf2 Re2 45. Qf3 Qf6 46. Rg8+ Kxg8 47.
Qxf6 d2 48. Qd8+ Kh7 49. Qd7 1-0

[Event "Brno Open 2015"]
[Site "Brno CZE"]
[Date "2015.11.15"]
[Round "2.11"]
[White "Kosina, Vladimir"]
[Black "Rezny, Frantisek"]
[Result "1-0"]
[WhiteElo "1725"]
[BlackElo "1562"]
[PlyCount "61"]
[EventDate "2015.11.14"]
[EventType "swiss"]
[EventRounds "9"]
[EventCountry "CZE"]
[Source "lmi"]
[SourceDate "2015.11.14"]

1. c4 e5 2. Nc3 Nf6 3. g3 Bc5 4. Bg2 c6 5. e3 O-O 6. Qc2 d5 7. cxd5 cxd5 8.
Nxd5 Nxd5 9. Qxc5 Be6 10. a3 Nd7 11. Qb5 N7b6 12. Nf3 f6 13. O-O Rc8 14. Re1
Nc7 15. Qb4 Na6 16. Qh4 Rc4 17. d4 Nc5 18. Bf1 Ra4 19. Bb5 Nb3 20. Bxa4 Nxa1
21. Bd1 Qc7 22. Bd2 Nc2 23. Rf1 Bc4 24. Bxc2 f5 25. Rc1 e4 26. Ne5 Qb8 27. b3
Be2 28. a4 Rf6 29. a5 Rh6 30. Qe7 Nd5 31. Qf7+ 1-0

[Event "Brno Open 2015"]
[Site "Brno CZE"]
[Date "2015.11.15"]
[Round "2.12"]
[White "Pawicka, Magdalena"]
[Black "Zikan, Karel"]
[Result "1-0"]
[WhiteElo "1252"]
[BlackElo "1704"]
[PlyCount "85"]
[EventDate "2015.11.14"]
[EventType "swiss"]
[EventRounds "9"]
[EventCountry "CZE"]
[Source "lmi"]
[SourceDate "2015.11.14"]

1. e4 c6 2. d4 d5 3. Nc3 dxe4 4. Nxe4 Nd7 5. Ng5 Ngf6 6. Bc4 e6 7. Qe2 Nb6 8.
Nxf7 Kxf7 9. Nf3 Nxc4 10. Qxc4 Qd5 11. Qd3 Qe4+ 12. Qxe4 Nxe4 13. Ne5+ Kg8 14.
f3 Bb4+ 15. c3 Nxc3 16. a3 Ba5 17. Bd2 Nb5 18. Bxa5 Nxd4 19. Rd1 c5 20. Bc3 b6
21. Bxd4 cxd4 22. Rxd4 Ba6 23. Rd6 Rc8 24. Rxe6 g5 25. Kf2 Rc2+ 26. Kg3 h5 27.
Rg6+ Kh7 28. Rxg5 Rg8 29. Rxg8 Kxg8 30. Rd1 Rxb2 31. f4 Rb3+ 32. Kh4 Rxa3 33.
Kg5 Ra2 34. g3 Rxh2 35. Kg6 Kf8 36. Nc6 Re2 37. f5 Bb5 38. Rd8+ Re8 39. Rxe8+
Kxe8 40. Ne5 a5 41. f6 Kf8 42. f7 Ba4 43. Kf6 1-0

[Event "Brno Open 2015"]
[Site "Brno CZE"]
[Date "2015.11.16"]
[Round "3.1"]
[White "Mikalsen, Erlend"]
[Black "Semenova, Elena"]
[Result "1/2-1/2"]
[WhiteElo "2315"]
[BlackElo "2170"]
[PlyCount "168"]
[EventDate "2015.11.14"]
[EventType "swiss"]
[EventRounds "9"]
[EventCountry "CZE"]
[Source "lmi"]
[SourceDate "2015.11.14"]

1. e4 e5 2. Nf3 Nc6 3. Bb5 a6 4. Ba4 Nf6 5. O-O Be7 6. Re1 b5 7. Bb3 O-O 8. d3
d6 9. a4 Bg4 10. c3 Na5 11. Bc2 c5 12. h3 Bh5 13. axb5 axb5 14. Nbd2 Qc7 15.
Nf1 Nc6 16. Rxa8 Rxa8 17. g4 Bg6 18. Bg5 Nd7 19. Bd2 Nb6 20. Ne3 Bf8 21. Nh4
Ne7 22. Nhf5 f6 23. Rf1 Bf7 24. Nxe7+ Bxe7 25. Nf5 d5 26. Nxe7+ Qxe7 27. Be3
dxe4 28. dxe4 Rd8 29. Bxc5 Rxd1 30. Bxe7 Rd2 31. Rc1 Nc4 32. Bc5 Nxb2 33. Be3
Rd8 34. Rb1 Na4 35. Rxb5 Nxc3 36. Rb7 Ne2+ 37. Kg2 h6 38. Rb4 Rc8 39. Bb3 Nf4+
40. Bxf4 exf4 41. Bd5 Bxd5 42. exd5 Rc3 43. Rb8+ Kf7 44. Rb7+ Kf8 45. h4 Rd3
46. Rd7 g6 47. d6 f5 48. gxf5 gxf5 49. h5 Kg8 50. Rd8+ Kf7 51. d7 Ke7 52. Rh8
Kxd7 53. Rxh6 Ke7 54. Ra6 Kf7 55. h6 Kg8 56. Ra7 Rb3 57. h7+ Kh8 58. Rf7 Ra3
59. Rxf5 Kxh7 60. Rxf4 Kg6 61. f3 Kg5 62. Kg3 Ra1 63. Rb4 Rg1+ 64. Kf2 Ra1 65.
Re4 Kf5 66. Rg4 Ra2+ 67. Kg3 Ra1 68. Rf4+ Kg5 69. Rf8 Ra3 70. Kf2 Rb3 71. Ra8
Rb1 72. Ra2 Kf4 73. Ra4+ Kf5 74. Ra8 Kf4 75. Rf8+ Kg5 76. f4+ Kg4 77. Ke3 Rb3+
78. Ke4 Rb4+ 79. Ke5 Rb5+ 80. Ke6 Rb6+ 81. Kd5 Rb5+ 82. Kc4 Rf5 83. Rxf5 Kxf5
84. Kd5 Kxf4 1/2-1/2

[Event "Brno Open 2015"]
[Site "Brno CZE"]
[Date "2015.11.16"]
[Round "3.2"]
[White "Piankov, Evgenij"]
[Black "Tsenov, Tsvetoslav"]
[Result "1-0"]
[WhiteElo "2233"]
[BlackElo "2166"]
[PlyCount "115"]
[EventDate "2015.11.14"]
[EventType "swiss"]
[EventRounds "9"]
[EventCountry "CZE"]
[Source "lmi"]
[SourceDate "2015.11.14"]

1. d4 f5 2. g3 Nf6 3. Bg2 e6 4. c4 Be7 5. Nc3 O-O 6. Nf3 d6 7. O-O Ne4 8. Qc2
Nxc3 9. bxc3 Nd7 10. e4 Nb6 11. exf5 exf5 12. Re1 Bd7 13. Qd3 c6 14. Ba3 Be8
15. c5 dxc5 16. Qe2 Nc8 17. Bxc5 Bxc5 18. dxc5 Bf7 19. Ne5 Qe7 20. Nxf7 Qxf7
21. Rab1 a5 22. Qe6 Qxe6 23. Rxe6 Kf7 24. Re2 Ra7 25. Reb2 Ke6 26. Rxb7 Rxb7
27. Rxb7 Ne7 28. Rb6 Rc8 29. c4 Rc7 30. Ra6 Ke5 31. Rxa5 Kd4 32. Bf1 g5 33. a4
f4 34. Kg2 Ng6 35. Ra8 Ne5 36. Be2 Rf7 37. f3 Re7 38. gxf4 gxf4 39. Kf2 Nxc4
40. Rf8 Kxc5 41. Rxf4 Ne5 42. a5 Ra7 43. a6 Kd5 44. Rf5 Ke6 45. Rf8 c5 46. f4
Nc6 47. Bc4+ Kd6 48. Rf6+ Kc7 49. Rh6 Ne7 50. Rxh7 Kd6 51. h4 Ra8 52. h5 Nf5
53. Rf7 Nd4 54. h6 Rb8 55. Rb7 Rf8 56. h7 Rxf4+ 57. Kg3 Rf3+ 58. Kg2 1-0